000 00391nam a22001697a 4500
003 MPLRDC
005 20220104144504.0
008 210129b ||||| |||| 00| 0 eng d
082 _a617 WQM
100 _a吴其敏
245 _a望翠轩读书随笔
_c
250 _a初版
260 _a
_b上海书店
_c1956
300 _b
650 _a中国史地杂论
942 _cBK
_o617 WQM
999 _c50101
_d50091